Zostane Karol Beck sólovým jazdcom?

Bibliographic Details
Main Author: Krišš, Miroslav (Author)
Format: Article
Language:Slovak
PhysicalDescription:Fotogr.
ISSN:1335-9959
Subjects:

MARC

LEADER 00000nab a2200000 ar4500
001 vtls008989793
003 SK-MaSNL
005 20260303065116.0
008 070516c2007 xo mr|p|||||||000 b|slo
015 |a SNBRB2007/05  |2 snkbucl 
038 |a SNKBUCL 
040 |a SNKBUCL  |b slo  |e AACR2  |c SNKBUCL 
041 0 |a slo 
044 |a xo  |c SK 
080 |a 796.342.071  |2 2001 
080 |a 929 Beck, Karol  |2 2001 
100 1 |a Krišš, Miroslav  |4 aut  |9 841921 
245 1 0 |a Zostane Karol Beck sólovým jazdcom?  |c Miro Krišš 
300 |b Fotogr. 
600 1 7 |a Beck, Karol,  |d 1982-  |2 snkbucl  |9 90565 
650 0 7 |a tenis  |2 snkbucl  |9 3293 
773 0 |t Dimenzie  |g Roč. VII, č. 5 (2007), s. 62-66  |x 1335-9959 
852 |a SNK  |b KIS3GCP 
958 |a BX 
999 |c 1749865  |d 1751795